Harry Potter commençant par P par images - Statistiques

Statistiques générales
  • Ce quiz a été pris 283 fois
  • Le résultat moyen est 18 sur 24
Statistiques - réponses
Par images Hint Réponse % Correct
Ecole de sorcellerie {Poudlard}
100%
Créature {Phénix}
95%
Maison {Poufsouffle}
95%
Matière scolaire {Potions}
94%
Objet magique {Pierre} {philosophale}
91%
Sort {Patronus}
90%
Personnage {Percy} Weasley
89%
Personnage Peter {Pettigrow}
84%
Sort {Petrificus} Totalus
84%
Lieu {Pré}-{au}-{lard}
83%
Chat {Pattenrond}
80%
Lieu {Privet} Drive
80%
Objet magique {Portoloin}
76%
Surnom de Sirius Black {Patmol}
75%
Objet magique {Pensine}
74%
Potion {Polynectar}
73%
Moyen de transport {Poudre} {de} {cheminette}
69%
Personnages Les Soeurs {Patil}
68%
Personnage Poppy {Pomfresh}
61%
Sort de protection {Protego}
59%
Surnom {Prince} {de} {sang} {mêlé}
58%
Vision du futur {Prophetie}
56%
Personnage {Pomona} Chourave
51%
Personnages Les Frères {Peverell}
36%
Aucun quiz correspondant
Distribution des résultats
% des personnes avec chaque résultat
Percentile par nombre de réponses
Votre historique - résultats
Vous n’avez pas pris ce quiz